|
|
|
|
| LEADER |
01082nam a2200289 i 4500 |
| 001 |
28798 |
| 003 |
BD-DhAAL |
| 005 |
20150108113450.0 |
| 008 |
150108r19811868vau 000 0 eng |
| 010 |
|
|
|a 80025871
|
| 020 |
|
|
|a 0809439565 (deluxe)
|
| 040 |
|
|
|a DLC
|c DLC
|d DLC
|d BD-DhAAL
|
| 043 |
|
|
|a n-ust--
|
| 050 |
0 |
0 |
|a E99.A6
|b C7 1981
|
| 082 |
0 |
0 |
|a 970.004/97
|2 19
|
| 100 |
1 |
|
|a Cremony, John Carey,
|d 1815-1879.
|9 7212
|
| 245 |
1 |
0 |
|a Life among the Apaches /
|c by John C. Cremony.
|
| 260 |
|
|
|a [Alexandria, Va.] :
|b Time-Life Books,
|c [1981], c1980.
|
| 300 |
|
|
|a 322 p. ;
|c 22 cm.
|
| 490 |
|
0 |
|a Classics of the Old West
|
| 500 |
|
|
|a Reprint of the 1868 ed. published by A. Roman, San Francisco.
|
| 541 |
|
|
|e 28798
|
| 600 |
1 |
0 |
|a Cremony, John Carey,
|d 1815-1879.
|9 7213
|
| 650 |
|
0 |
|a Apache Indians.
|9 7214
|
| 942 |
|
|
|2 ddc
|c BK
|
| 999 |
|
|
|c 33417
|d 33417
|
| 952 |
|
|
|0 0
|1 0
|2 ddc
|4 0
|6 970_004970000000000_CRE
|7 0
|9 44661
|a BRACUL
|b BRACUL
|c GEN
|d 2015-01-08
|e BRAC Institute of Language (BIL)
|l 0
|o 970.00497 CRE
|p 3010028798
|r 2015-01-08
|t 1
|w 2015-01-08
|y BK
|x Transferred from BIL to BRACUL on 06/06/22
|